000
00320nam a2200133Ia 4500
008
150201s2010 xx 000 0 und d
082
_a
310
_b
B010A
100
_a
AGGARWAL,NISHI
245
_a
ESSENTIALS OF BIOSTATISTCS
250
_a
1ST
260
_b
PEEPEE
_a
DELHI
_c
2010
650
_a
COMMUNITY MEDICINE
942
_2
ddc
_c
BK
999
_c
677
_d
677